Cesty ke snižování rozdílů mezi zeměmi EU Strukturální fondy
Štrukturálne fondy EÚ - pomoc pri vytvorení ekonomickej a sociálnej rovnováhy v rámci EÚ a postupné znižovanie rozdielov medzi jednotlivými regiónmi. Pretrvávanie rozdielov medzi štátmi a regiónmi. Nezamestnanosť - najväčší problém EÚ. Perspektíva štrukturálnych fondov.
Salvato in:
| Autore principale: | |
|---|---|
| Natura: | Capitolo di libro |
| Lingua: | ceco |
| Soggetti: | |
| Tags: |
Nessun Tag, puoi essere il primo ad aggiungerne!!
|
MARC
| LEADER | 00000naa a2200000 4500 | ||
|---|---|---|---|
| 001 | r017707 | ||
| 005 | 20221205101415.2 | ||
| 041 | 0 | |a cze | |
| 044 | |a CZ | ||
| 245 | 1 | 0 | |a Cesty ke snižování rozdílů mezi zeměmi EU |b Strukturální fondy |c Jiří Zukal |
| 520 | |a Štrukturálne fondy EÚ - pomoc pri vytvorení ekonomickej a sociálnej rovnováhy v rámci EÚ a postupné znižovanie rozdielov medzi jednotlivými regiónmi. Pretrvávanie rozdielov medzi štátmi a regiónmi. Nezamestnanosť - najväčší problém EÚ. Perspektíva štrukturálnych fondov. | ||
| 610 | 2 | 0 | |a Európska únia |
| 610 | 2 | 0 | |a pomoc rozvojová |
| 610 | 2 | 0 | |a fondy finančné |
| 610 | 2 | 0 | |a nezamestnanosť |
| 610 | 2 | 0 | |a rovnováha hospodárska |
| 610 | 2 | 0 | |a rovnováha sociálna |
| 100 | 1 | |a Zukal, Jiří | |